|
|
|
|
| LEADER |
01864nam a2200397 a 4500 |
| 001 |
16871 |
| 003 |
BD-DhAAL |
| 005 |
20250506101423.0 |
| 008 |
191117t2005 bg a b 100 0 eng |
| 010 |
|
|
|a 2005310270
|
| 020 |
|
|
|a 984051704X
|
| 020 |
|
|
|a 9789840517046
|
| 025 |
|
|
|a B-E-2005-310270; 22
|
| 037 |
|
|
|b Library of Congress -- New Delhi Overseas Office
|c Tk395.00
|
| 040 |
|
|
|a DLC
|b eng
|c DLC
|d BD-DhAAL
|
| 042 |
|
|
|a lcode
|
| 043 |
|
|
|a a-bg---
|
| 050 |
0 |
0 |
|a HD4295.6.A6-.Z7 (H9)+
|
| 082 |
0 |
4 |
|a 338.95492
|2 23
|
| 245 |
0 |
0 |
|a Privatisation in Bangladesh :
|b an agenda in search of a policy /
|c edited by Rehman Sobhan.
|
| 260 |
|
|
|a Dhaka :
|b Centre for Policy Dialogue :
|b University Press Ltd.,
|c 2005.
|
| 300 |
|
|
|a xix, 241 pages :
|b illustrations
|c 21 cm.
|
| 504 |
|
|
|a Includes bibliographical references.
|
| 520 |
|
|
|a Contributed articles presented earlier in a seminar on January 14 organized by Centre for Policy Dialogue.
|
| 526 |
|
|
|a BIGD, BIED
|
| 541 |
|
|
|a A. H. Development Publishing House, Complimentary copy from BIED (35751)
|e 16871, 35751
|
| 650 |
|
0 |
|a Privatization
|z Bangladesh
|9 37160
|
| 650 |
|
0 |
|a Government business enterprises
|z Bangladesh
|9 37161
|
| 650 |
|
0 |
|a Industrial policy
|z Bangladesh
|x Social science
|9 37162
|
| 700 |
1 |
|
|a Sobhan, Rehman.
|9 37163
|
| 710 |
2 |
|
|a Centre for Policy Dialogue (Bangladesh)
|9 37164
|
| 852 |
|
|
|a Ayesha Abed Library
|c General Stacks
|
| 942 |
|
|
|2 ddc
|c BK
|
| 999 |
|
|
|c 41835
|d 41835
|
| 952 |
|
|
|0 0
|1 0
|2 ddc
|4 0
|6 338_954920000000000_PRI
|7 0
|9 67168
|a BRACUL
|b BRACUL
|c GEN
|d 2019-11-17
|e Complimentary copy from BIED
|l 0
|o 338.95492 PRI
|p 3010035751
|r 2019-11-17
|t 2
|w 2019-11-17
|y BK
|x Transferred from BIED to General Stacks
|
| 952 |
|
|
|0 0
|1 0
|2 ddc
|4 0
|6 338_954920000000000_PRI
|7 0
|9 77697
|a BIGD
|b BIGD
|d 2025-05-05
|e A H Development Publishing House
|g 395.00
|l 0
|o 338.95492 PRI
|p 3050016871
|r 2025-05-05
|t 1
|w 2025-05-05
|y BK
|